000 00602nam a2200229 i 4500
001 C2-0168896
003 PPAK
005 20180728091449.0
008 980721s1985 enka|||| ||||| | eng d
020 _a0222009632
040 _aPPAK
_beng
_cPPAK
_erda
082 0 4 _a956.05
_2 23
090 0 0 _a956.05
_bMcD
_dR
100 1 _aMcDowall, David,
_eauthor
245 1 0 _aLet's visit Algeria
264 1 _aLondon :
_bBurke ,
_c1985
300 _a94 pages :
_billustrations ;
_c21 cm
336 _2rdacontent
_atext
337 _2rdamedia
_aunmediated
338 _2rdacarrier
_avolume
942 _ddc
_cB
999 _c152985
_d152985